Klicke die Landkreise von Brandenburg auf einer Karte - Statistiken

Allgemein
  • Dieses Quiz wurde 229 mal gespielt
  • Das Durchschnittsergebnis liegt bei 13 aus 18
Antworten auf der Karte
Die Antworten werden auf der Karte rot bzw. grün angezeigt, abhängig davon wie oft sie richtig erraten wurden.
 
Antwortstatistiken
Antwort % Korrekt
Potsdam
88%
Frankfurt (Oder)
87%
Cottbus
83%
Uckermark
83%
Potsdam-Mittelmark
81%
Dahme-Spreewald
78%
Märkisch-Oderland
74%
Ostprignitz-Ruppin
74%
Prignitz
74%
Brandenburg an der Havel
70%
Teltow-Fläming
70%
Barnim
67%
Elbe-Elster
67%
Oberhavel
66%
Havelland
65%
Oder-Spree
65%
Oberspreewald-Lausitz
62%
Spree-Neiße
57%
Keine übereinstimmenden Quizze gefunden
Verteilung der Resultate
Anzahl Personen mit jedem Resultat
Perzentil nach korrekt beantworteten Fragen
Ihre Resultats-Entwicklung
Sie haben dieses Quiz noch nicht gespielt